000 00415nam a2200181Ia 4500
003 OSt
005 20251115120649.0
008 250729s2005 xx 000 0 und d
040 _cAL
041 _aeng
082 _a370 RATT
100 _aRather A R
_9224418
245 _aTheory & principles of education
260 _aNew Delhi
_c2005
300 _a256p
650 _aEducation
_9224419
942 _2ddc
_cBED
999 _c236396
_d236396